<?xml version="1.0" encoding="UTF-8"?>
<collection xmlns="http://www.loc.gov/MARC21/slim">
  <record>
    <leader>00000nam  2200000   4500</leader>
    <controlfield tag="001">INLIS000000000018282</controlfield>
    <controlfield tag="005">20240924080601</controlfield>
    <datafield tag="035" ind1="#" ind2="#">
      <subfield code="a">0010-0924000111</subfield>
    </datafield>
    <controlfield tag="007">ta</controlfield>
    <controlfield tag="008">240924###########################0######</controlfield>
    <datafield tag="245" ind1="#" ind2="#">
      <subfield code="a">KLIK SIAGA :</subfield>
      <subfield code="b">Klinik Informasi dan Koordinasi Agenda Pimpinan /</subfield>
      <subfield code="c">Saraf Rumatoras, S.AP</subfield>
    </datafield>
    <datafield tag="260" ind1="#" ind2="#">
      <subfield code="a">Makassar :</subfield>
      <subfield code="b">Puslatbang KMP RI LAN Makassar,</subfield>
      <subfield code="c">2023</subfield>
    </datafield>
    <datafield tag="300" ind1="#" ind2="#">
      <subfield code="a">47 ;</subfield>
      <subfield code="c">30</subfield>
    </datafield>
    <datafield tag="700" ind1=" " ind2="#">
      <subfield code="a">Ahmad Sukarno Syahrir, S.IP.,M.Adm.,SDA (Coach)</subfield>
    </datafield>
    <datafield tag="700" ind1=" " ind2="#">
      <subfield code="a">Kepas Kalasuat, S.Pd,M.Pd (Mentor)</subfield>
    </datafield>
    <datafield tag="520" ind1="#" ind2="#">
      <subfield code="a">Kepala Bagian Protokol dan Komunikasi Pimpinan dalam melaksanakan tugasnya menyiapkan bahan pelaksanaan kebijakandi bidang protokol, komunikasi pimpinan dan dokumentasi, kemudian menyiapkan bahan pengoordinasian pelaksanaan tugas perangkat daerah dibidang protokol dan komunikasi pimpinan. Serta menyiapan bahan pemantauan dan evaluasi pelaksanaan kebijakan daerah terkaitprotokol, komunikasi pimpinan, dan dokumentasi dan pelaksaaan fungsi lain yang diberikanoleh Asisten Administrasi Umum yang berkaitan dengan tugasnya. Menyelenggarakan kegiatan keprotokolan, pelayanandan pemberian dukungan pelaksanaan tugas Bupati, Wakil Bupati, Sekretaris Daerah dan Asisten Sekretariat Daerah Mengingat banyaknya tugas-tugas Bupati Kabupaten Sorong dalam menjalankan roda Pemerintahan, terutamaberkenaan dengan kegiatanseperti acara-acara/upacara, perjalanan pimpinan atau kunjungankerja, dan penerimaan tamu- tamu pemerintah daerah yang harus disusun untuk diagendakan sebagaiacuan Bupati Sorong dalam melaksanakan kegiatan, maka dibutuhkan peran Protokoler Sekretariat Daerah dalam menunjang tugas-tugas tersebut yang hasilnya akan memberikan kemudahan dan kelancaran kegiatan Bupati selaku Kepala Daerah dalam setiap kegiatan yang dilaksanakan baik itu sudah di agendakanmaupun belum di agendakan.&#13;
Beberapa masalah yang muncul didalampelaksanaan pelayanan pada Bagian Protokol dan Komunikasi Pimpinan teridentifikasi sebagai berikut:&#13;
&#13;
1. Belum optimalnya kinerja protokoler dalam mengagendakan kegiatan Bupati Sorong&#13;
2. Masih lemahnya koordinasi dan inovasi dalam menghadapi perubahan acara yang mendadak&#13;
3. Masih kurangnya kemampuan staf protokoler dalam mengantisipasi segala kemungkinan tantangansehingga protokoler belum efektif dan efisien hambatan tugas dan tugas berjalan dengan&#13;
Dalam rangka pemecahan masalah maka solusi yang akan dilakukan yaitu melalui aksi perubahan KLIK SIAGA. KLIK SIAGA akronim dari Klinik Informasi dan Komunikasi Agenda Pimpinan yang merupakan suatu wadah untuk menyajikan informasi agenda pimpinan dan sekaligus berkoordinasi dalam menyiapkan kegiatan-kegiatan pimpinan maupun mengantisipasi perubahan-perubahan yang terjadi dalam setiap agenda pimpinan daerah Kabupaten Sorong.</subfield>
    </datafield>
    <datafield tag="600" ind1="#" ind2="4">
      <subfield code="a">Penyediaan aplikasi untuk penyajian informasi agenda kegiatan pimpinan</subfield>
    </datafield>
    <datafield tag="856" ind1="#" ind2="#">
      <subfield code="a">PUSLATBANG KMP LAN RI Makassar</subfield>
    </datafield>
  </record>
</collection>
